<?xml version="1.0" encoding="UTF-8"?><?xml-stylesheet type="text/xsl" href="static/style.xsl"?><OAI-PMH xmlns="http://www.openarchives.org/OAI/2.0/" xmlns:xsi="http://www.w3.org/2001/XMLSchema-instance" xsi:schemaLocation="http://www.openarchives.org/OAI/2.0/ http://www.openarchives.org/OAI/2.0/OAI-PMH.xsd"><responseDate>2026-06-01T14:48:58Z</responseDate><request verb="GetRecord" identifier="oai:riuma.uma.es:10630/44668" metadataPrefix="marc">https://riuma.uma.es/rest/oai/request</request><GetRecord><record><header><identifier>oai:riuma.uma.es:10630/44668</identifier><datestamp>2026-02-03T11:04:47Z</datestamp><setSpec>com_10630_2254</setSpec><setSpec>col_10630_37953</setSpec></header><metadata><record xmlns="http://www.loc.gov/MARC21/slim" xmlns:dcterms="http://purl.org/dc/terms/" xmlns:doc="http://www.lyncode.com/xoai" xmlns:xsi="http://www.w3.org/2001/XMLSchema-instance" xsi:schemaLocation="http://www.loc.gov/MARC21/slim http://www.loc.gov/standards/marcxml/schema/MARC21slim.xsd">
   <leader>00925njm 22002777a 4500</leader>
   <datafield ind2=" " ind1=" " tag="042">
      <subfield code="a">dc</subfield>
   </datafield>
   <datafield ind2=" " ind1=" " tag="720">
      <subfield code="a">Salas-Rodríguez, Javier</subfield>
      <subfield code="e">author</subfield>
   </datafield>
   <datafield ind2=" " ind1=" " tag="720">
      <subfield code="a">Del Pino-Brunet, Natalia</subfield>
      <subfield code="e">author</subfield>
   </datafield>
   <datafield ind2=" " ind1=" " tag="720">
      <subfield code="a">Gómez-Jacinto, Luís</subfield>
      <subfield code="e">author</subfield>
   </datafield>
   <datafield ind2=" " ind1=" " tag="720">
      <subfield code="a">Hombrados-Mendieta, Isabel</subfield>
      <subfield code="e">author</subfield>
   </datafield>
   <datafield ind2=" " ind1=" " tag="260">
      <subfield code="c">2025-09</subfield>
   </datafield>
   <datafield ind2=" " ind1=" " tag="520">
      <subfield code="a">While engagement in risk-taking is highly prevalent during youth, there are individual differences in its expression. Generally, male youth tend to engage in risk-taking more than female youth. However, sex differences in risk-taking behaviors may be modulated by political mobilization processes. The present study analyzed how intentions toward activism and radicalism moderate the relationship between sex and various risk-taking behaviors, including health risks, interpersonal risks, and deviant non-violent behaviors. A total of 496 individuals participated in the study, of which 222 were females (mean age M = 18.27, SD = 2.22, age range 15–24 years). Results showed an interaction effect between sex and intention toward activism and radicalism for interpersonal risks. Theoretical and practical implications of political mobilization on sex differences in risk-taking are discussed.</subfield>
   </datafield>
   <datafield ind1="8" ind2=" " tag="024">
      <subfield code="a">Salas-Rodríguez, J., Del Pino-Brunet, N., Gómez-Jacinto, L., &amp; Hombrados-Mendieta, I. (2025b). Activism and radicalism modulate sex differences in interpersonal risks: a dual moderation analysis. Acta Psychologica, 259, 105371. https://doi.org/10.1016/j.actpsy.2025.105371</subfield>
   </datafield>
   <datafield ind1="8" ind2=" " tag="024">
      <subfield code="a">https://hdl.handle.net/10630/44668</subfield>
   </datafield>
   <datafield ind1="8" ind2=" " tag="024">
      <subfield code="a">10.1016/j.actpsy.2025.105371</subfield>
   </datafield>
   <datafield tag="653" ind2=" " ind1=" ">
      <subfield code="a">Evaluación del riesgo</subfield>
   </datafield>
   <datafield ind2="0" ind1="0" tag="245">
      <subfield code="a">Activism and radicalism modulate sex differences in interpersonal risks: a dual moderation analysis</subfield>
   </datafield>
</record>
</metadata></record></GetRecord></OAI-PMH>